Štúdium reakcií enantiomérne čistých 2-aminobutano-4-laktónov s dusíkatými nukleofilmi diplomová práca

Salvato in:
Dettagli Bibliografici
Autore principale: Poperníková, Kristína
Natura: Libro
Lingua:slovacco
Pubblicazione: Bratislava STU FCHPT 2013
Accesso online:Visualizza in OPAC
Tags: Aggiungi Tag
Nessun Tag, puoi essere il primo ad aggiungerne!!

MARC

LEADER 00000nam a2200000 a 4500
005 20260127134225.0
008 130816 2013 000 0 slo d
035 |a vtls010535884 
039 9 |y 201308161036  |z mschk03 
040 |a STUSCHK1  |b slo  |c STUSCHK1  |e AACR2 
100 1 |a Poperníková, Kristína 
245 1 |a Štúdium reakcií enantiomérne čistých 2-aminobutano-4-laktónov s dusíkatými nukleofilmi  |b diplomová práca  |c Kristína Poperníková 
260 |a Bratislava  |b STU FCHPT  |c 2013 
300 |a 52 s.  |b il.  |c 30 cm 
500 |a Obhájené: 10.06.2013 
500 |a Štud. odbor: Chémia, chemické technológie 
500 |a Škol. pracovisko: Odd. organickej chémie 
500 |a Evid. číslo: FCHPT-5459-58214 
910 |a SCHK95 
999 |c 7149  |d 7149